| 000 | 01001nam a2200241Ia 4500 | ||
|---|---|---|---|
| 003 | IN-BaIIA | ||
| 008 | 211028s9999 xx 000 0 eng d | ||
| 020 | _a1-58381-152-4 | ||
| 040 | _cIIA Library | ||
| 080 |
_a082.2:52 _bASP-303 |
||
| 111 |
_aEuroconference on Symbiotic Stars Probing Stellar Evolution _cSpain _d2002 May. 27-31 _929252 |
||
| 245 | 0 |
_aSymbiotic stars probing stellar evolution _bproceedings of the euroconference held in La, Palma, Spain, 27-31 May 2002 _cedited by R. L. M. Corradi, J. Mikolajewska and T. J. Mahoney |
|
| 260 |
_aSan Francisco _bAstronomical Society of the Pacific _c2003 |
||
| 300 | _axxii, 564p. | ||
| 490 | _aASP conference series; v. 303 | ||
| 650 |
_aStars - evolution _910853 |
||
| 650 |
_aSymbolic stars _929253 |
||
| 700 |
_aCorradi,R. L. M., ed. _929254 |
||
| 700 | _aMahoney,T. J., ed. | ||
| 700 |
_aMikolajewska, J., ed. _929255 |
||
| 710 |
_aAstronomical Society of the Pacific _91154 |
||
| 942 | _cBK | ||
| 999 |
_c15876 _d15876 |
||